| Tag |
First Indicator |
Second Indicator |
Subfields |
| LEADER |
00000cam a22000001 4500 |
| 001 |
in00000053399 |
| 005 |
20151007070234.0 |
| 008 |
840327m19731976gw a b 00010 eng |
| 010 |
|
|
|a 73361113
|
| 015 |
|
|
|a GFR73-A (v. 1)
|
| 020 |
|
|
|a 313496001X (v. 1)
|c DM128.00 (v. 1)
|
| 035 |
|
|
|a (OCoLC)00793155
|
| 035 |
|
|
|9 AAE3623AM
|
| 040 |
|
|
|a DLC/ICU
|c CGU
|d m.c.
|d TXA
|d UtOrBLW
|
| 049 |
|
|
|a TXAM
|v 1 [1105946]
|v 2 [1105947]
|v 3 [1115212]
|
| 050 |
0 |
0 |
|a QD262
|b .M345
|
| 082 |
0 |
|
|a 547/.2/08
|
| 100 |
1 |
|
|a Mathieu, Jean
|c (Writer on organic synthesis)
|
| 245 |
1 |
0 |
|a Formation of C-C bonds /
|c [by] Jean Mathieu and Jean Weill-Raynal, preface by D.H.R. Barton.
|
| 264 |
|
1 |
|a Stuttgart :
|b Thieme,
|c 1973-1976.
|
| 300 |
|
|
|a 3 volumes :
|b illustrations, graphs. ;
|c 18 x 25 cm.
|
| 336 |
|
|
|a text
|b txt
|2 rdacontent
|
| 337 |
|
|
|a unmediated
|b n
|2 rdamedia
|
| 338 |
|
|
|a volume
|b nc
|2 rdacarrier
|
| 504 |
|
|
|a Includes bibliographical references.
|
| 650 |
|
0 |
|a Organic compounds
|x Synthesis
|x Handbooks, manuals, etc.
|
| 700 |
1 |
|
|a Weill-Raynal, Jean.
|
| 999 |
|
|
|a MARS
|
| 999 |
f |
f |
|s 97768b5a-c6bd-35a3-a485-518b944530e3
|i 0669a2b6-9320-329f-b007-032fd6749b4a
|t 0
|
| 952 |
f |
f |
|p ric
|a Texas A&M University
|b Rellis Campus
|c Joint Library Facility
|s JLF
|d Remote Storage
|t 0
|e QD262 .M345
|h Library of Congress classification
|i unmediated -- volume
|k v.1
|m A14804694183
|
| 952 |
f |
f |
|p ric
|a Texas A&M University
|b Rellis Campus
|c Joint Library Facility
|s JLF
|d Remote Storage
|t 0
|e QD262 .M345
|h Library of Congress classification
|i unmediated -- volume
|k v.2
|m A14804694191
|
| 952 |
f |
f |
|p ric
|a Texas A&M University
|b Rellis Campus
|c Joint Library Facility
|s JLF
|d Remote Storage
|t 0
|e QD262 .M345
|h Library of Congress classification
|i unmediated -- volume
|k v.3
|m A14804694206
|
| 998 |
f |
f |
|a QD262 .M345
|s v.1-v.3
|t 0
|l Remote Storage
|